Statistics for Best Actress Oscar Winners by Photo (1959-1940)

Click here to take the quiz!

General Stats

  • This quiz has been taken 316 times
  • The average score is 10 of 18

Answer Stats

Answer% Correct
Audrey Hepburn
98%
Grace Kelly
88%
Vivien Leigh
84%
Ingrid Bergman
82%
Joan Crawford
67%
Olivia de Havilland
54%
Greer Garson
48%
Joan Fontaine
47%
Ginger Rogers
46%
Susan Hayward
46%
Joanne Woodward
45%
Jane Wyman
44%
Jennifer Jones
38%
Judy Holliday
37%
Loretta Young
37%
Anna Magnani
35%
Simone Signoret
34%
Shirley Booth
30%

Score Distribution

Percentile by Number Answered

Percent of People with Each Score

Your Score History

You have not taken this quiz